[Event "ch-UKR Women"]
[Site "Kramatorsk UKR"]
[Date "2001.03.28"]
[Round "3"]
[White "Lahno,Kateri"]
[Black "Litinskaya,M"]
[Result "1/2-1/2"]
[WhiteElo "2185"]
[BlackElo "2374"]

1.e4 c5 2.Nf3 Nc6 3.d4 cxd4 4.Nxd4 Qc7 5.Nc3 e6 6.Ndb5 Qb8 7.Be3 b6 8.Qd2 a6
9.Nd4 Nf6 10.f3 b5 11.Nxc6 dxc6 12.O-O-O Bb7 13.e5 Nd5 14.Nxd5 cxd5 15.f4 Be7
16.Qa5 O-O 17.Bd4 Rc8 18.Bd3 b4 19.g4 Rc6 20.f5 Qc7 21.Qxc7 Rxc7 22.f6 Bf8
23.fxg7 Bxg7 24.g5 a5 25.Kd2 a4 26.h4 Ba6 27.b3 h5 28.Rhg1 Bxd3 29.Kxd3 Kh7
30.Rdf1 Kg6 31.Rf2 Ra6 32.Rg3 Rac6 33.Rgf3 Rb7 34.Rf1 axb3 35.axb3 Rbc7 36.R1f2 Bh8
37.Rf4 Bg7 38.R4f3 Bh8 39.Rf4 Bg7 40.R4f3  1/2-1/2

[Event "ch-UKR Women"]
[Site "Kramatorsk UKR"]
[Date "2001.03.31"]
[Round "6"]
[White "Kalinina,V"]
[Black "Lahno,Kateri"]
[Result "1-0"]
[WhiteElo "2254"]
[BlackElo "2185"]

1.e4 d6 2.d4 Nf6 3.Nc3 g6 4.f4 Bg7 5.Nf3 O-O 6.Be3 b6 7.Bd3 Bb7 8.Qe2 c5
9.e5 Ng4 10.O-O-O Nxe3 11.Qxe3 cxd4 12.Nxd4 Nc6 13.Be4 Qc8 14.Nd5 Kh8 15.Nxc6 Qxc6
16.h4 Qc5 17.Qxc5 dxc5 18.h5 gxh5 19.Rxh5 h6 20.g4 e6 21.Nf6 Bxe4 22.Nxe4 Rad8
23.Nd6 Kg8 24.g5 hxg5 25.Rxg5 f6 26.Rg4 fxe5 27.fxe5 Rd7 28.Rdg1 Kh7 29.Ne4 Bh6+
30.Kb1 Bg7 31.Rh4+  1-0

[Event "ch-UKR Women"]
[Site "Kramatorsk UKR"]
[Date "2001.04.06"]
[Round "11"]
[White "Lahno,Kateri"]
[Black "Gaponenko,I"]
[Result "1/2-1/2"]
[WhiteElo "2185"]
[BlackElo "2383"]

1.e4 c5 2.Nf3 Nc6 3.d4 cxd4 4.Nxd4 Nf6 5.Nc3 d6 6.Be2 e5 7.Nf3 h6 8.O-O Be7
9.Re1 O-O 10.h3 a6 11.Bf1 Qc7 12.Nh2 b5 13.Ng4 Nxg4 14.Nd5 Qd7 15.Nxe7+ Nxe7
16.hxg4 Qxg4 17.Qxd6 Ng6 18.Qd3 Bb7 19.Qg3 Qxg3 20.fxg3 Rfd8 21.a4 b4 22.b3 a5
23.Bb2 Ba6 24.Red1 Bxf1 25.Kxf1 Kf8 26.c4 bxc3 27.Bxc3 Rdc8 28.Be1 Ne7 29.Rdc1 Nc6
30.Rc5 Nd4 31.Rxa5 Rxa5 32.Bxa5 Nxb3 33.Bb4+ Ke8 34.Rb1 Nd4 35.Bd6 Nc6 36.Rb5 Ra8
37.Bxe5 f6 38.Bd6 Rxa4 39.Rb7 Ra7 40.Rb6 Kd7 41.Bf8 Kc7 42.Rb1 Kd8 43.Rb6 Ne5
44.Rb8+ Kc7 45.Re8 Kc6 46.Re7 Ra1+ 47.Ke2 Ra2+ 48.Kf1 Ng6 49.Rf7 Nxf8 50.Rxf8 Ra7
51.Kf2 Kd6 52.Rg8 Ke6 53.Kf3 h5 54.Rh8 Ra3+ 55.Kf2 Ra5 56.Re8+ Kf7 57.Rb8 Kg6
58.Rb7 Kh6 59.Kf3 Ra3+ 60.Kf2 Ra2+ 61.Kf1 Ra4 62.Re7 Ra5 63.Rb7 Re5 64.Rb4 Kg5
65.Kf2 Kg4 66.Rc4 Kg5 67.Kf3 Ra5 68.Rc3 Kh6 69.Rc7 g5 70.Rc2 Kg6 71.Kf2 g4
72.Rc7 Ra2+ 73.Kf1 Ra4 74.Re7 Ra5  1/2-1/2

[Event "ch-UKR Women"]
[Site "Kramatorsk UKR"]
[Date "2001.04.07"]
[Round "12"]
[White "Rohonyan,K"]
[Black "Lahno,Kateri"]
[Result "0-1"]
[WhiteElo "2340"]
[BlackElo "2185"]

1.e4 d6 2.d4 Nf6 3.Nc3 g6 4.Be2 Bg7 5.h4 h5 6.Nf3 c6 7.Ng5 O-O 8.f3 c5 9.dxc5 dxc5
10.Qxd8 Rxd8 11.Be3 b6 12.e5 Nh7 13.Nxh7 Kxh7 14.f4 Bb7 15.Kf2 f6 16.Bd3 fxe5
17.Ne4 Bh6 18.fxe5 c4 19.Bxh6 Kxh6 20.Ng5 Rf8+ 21.Kg3 cxd3 22.Ne6 Rc8 23.Rhf1 Bd5
24.Ng5 Nd7 25.e6 Nf6 26.cxd3 Rc2 27.Rg1 Rac8  0-1

[Event "TCh-Europe Girls U18"]
[Site "Balatonlelle HUN"]
[Date "2001.06.22"]
[Round "1"]
[White "Hryhorenko,N"]
[Black "Lahno,Kateri"]
[Result "1/2-1/2"]
[WhiteElo "2132"]
[BlackElo "2196"]

1.d4 d6 2.Nf3 g6 3.Bf4 Bg7 4.e3 Nd7 5.h3 e5 6.Bh2 Qe7 7.Be2 Nh6 8.O-O f5
9.c4 Nf7 10.Nc3 c6 11.Qc2 O-O 12.b4 Nf6 13.Rfd1 e4 14.Nd2 Be6 15.Rab1 g5
16.Nb3 Kh8 17.c5 Bxb3 18.Rxb3 d5 19.b5 g4 20.hxg4 Nxg4 21.Bxg4 fxg4 22.bxc6 bxc6
23.Rdb1 Qe6 24.Rb7 Ng5 25.Bd6 Rg8 26.Ne2 Nf3+ 27.Kf1 Nh4 28.Ng3 Nf5 29.Nxf5 Qxf5
30.Rc7 h5 31.Rbb7 h4 32.Rf7 Qh5 33.Qe2 h3 34.gxh3 Qxh3+ 35.Ke1 a5 36.Qf1 Qh5
37.a4 Rae8 38.Qg2 Re6 39.Qh2 Qh3 40.Be5 Rxe5 41.Qf4 Ree8 42.Qg5 Ref8 43.Rxf8 Bxf8
44.Qf6+ Bg7 45.Rxg7 Rxg7 46.Qf8+ Kh7 47.Qf5+ Kg8 48.Qc8+ Kf7 49.Qd7+ Kg6
50.Qe6+ Kg5 51.Qe5+ Kh6 52.Qf6+ Kh7 53.Qf5+ Kh8 54.Qf8+ Kh7 55.Qf5+  1/2-1/2

[Event "TCh-Europe Girls U18"]
[Site "Balatonlelle HUN"]
[Date "2001.06.29"]
[Round "7"]
[White "Gregorova,Z"]
[Black "Lahno,Kateri"]
[Result "0-1"]
[WhiteElo "2158"]
[BlackElo "2196"]

1.e4 d6 2.d4 Nf6 3.Nc3 g6 4.f4 Bg7 5.Nf3 O-O 6.Bd3 Na6 7.O-O c5 8.d5 Bg4
9.h3 Bxf3 10.Rxf3 Nc7 11.Bc4 b5 12.Nxb5 Nxe4 13.Nxc7 Qxc7 14.c3 f5 15.Qe2 Kh8
16.Bd3 Nf6 17.c4 Qd7 18.Rb1 Rfe8 19.b3 e5 20.dxe6 Rxe6 21.Re3 Rae8 22.Rxe6 Rxe6
23.Qd2 Qe7 24.Bb2 Nh5 25.Qf2 Bxb2 26.Qxb2+ Qg7 27.Qxg7+ Kxg7 28.Rf1 Re3 29.Bb1 Ng3
30.Rd1 Ne2+ 31.Kf2 Re6 32.g3 Nc3 33.Rc1 Re2+ 34.Kf3 Nxa2 35.Rd1 Nc3 36.Rxd6 Rb2
37.Bd3 Nd1 38.Bc2 Nc3 39.Bd3 a5 40.Rd7+ Kg8 41.Ra7 Nd1 42.Be2 Rxb3+ 43.Kg2 Nc3
44.Bf3 a4 45.Bd5+ Kf8 46.g4 Nxd5 47.cxd5 a3 48.gxf5 gxf5 49.Ra4 Ke7 50.Ra6 c4
51.Kf2 Rxh3 52.Ra4 c3 53.Rxa3 c2 54.Ra1 Rc3 55.Rc1 h5  0-1

[Event "EYCC G14"]
[Site "Halkidiki GRE"]
[Date "2001.09.02"]
[Round "3"]
[White "Kohut,A"]
[Black "Lahno,Kateri"]
[Result "0-1"]
[WhiteElo "2008"]
[BlackElo "2239"]

1.e4 d6 2.d4 Nf6 3.Nc3 g6 4.Be3 c6 5.f3 Bg7 6.Qd2 b5 7.a4 b4 8.Nd1 a5 9.Bd3 Nbd7
10.Ne2 Qc7 11.O-O c5 12.dxc5 Nxc5 13.Bb5+ Bd7 14.Nd4 O-O 15.Bxd7 Qxd7 16.b3 Rfd8
17.Nf2 Rac8 18.Rad1 Qb7 19.Qe2 e5 20.Nb5 Qe7 21.Nd3 Nxd3 22.Rxd3 d5 23.Bb6 Rd7
24.Bxa5 Qc5+ 25.Qf2 d4 26.Qd2 Bf8 27.Qg5 Ne8 28.Bxb4 Qxb4 29.Qxe5 Bg7 30.Qf4 Rxc2
31.Qb8 Qf8 32.a5 Nc7 33.Qb6 Na8 34.Qa6 Qb8 35.Rfd1 Nc7 36.Nxc7 Rdxc7 37.Qd6 Rc8
38.Qd5 R2c3 39.Rxc3 dxc3 40.Qd3 Qa7+  0-1

[Event "EYCC G14"]
[Site "Halkidiki GRE"]
[Date "2001.09.03"]
[Round "4"]
[White "Lahno,Kateri"]
[Black "Gilbert,Je"]
[Result "1-0"]
[WhiteElo "2239"]
[BlackElo "2066"]

1.e4 c6 2.d4 d5 3.exd5 cxd5 4.c4 Nf6 5.Nc3 Nc6 6.Nf3 g6 7.cxd5 Nxd5 8.Qb3 Nxc3
9.Bc4 e6 10.bxc3 Bg7 11.Ba3 Bf8 12.O-O Bxa3 13.Qxa3 Qe7 14.Qc1 O-O 15.Qh6 Na5
16.Bd3 Bd7 17.Rfe1 f6 18.c4 Qg7 19.Qf4 Rac8 20.Rac1 Rfe8 21.Nd2 Nc6 22.Ne4 Rf8
23.Qe3 b6 24.Nd6 Rcd8 25.Be4 Ne7 26.c5 Nf5 27.Bxf5 exf5 28.Qb3+ Kh8 29.cxb6 axb6
30.Qxb6 Ra8 31.Re2 Qg8 32.Rce1 Rxa2 33.Re7 Be6 34.h3 Bd5 35.Rc7 Be6 36.Nb5 Rb2
37.Rxe6 Rxb5 38.Qa7 f4 39.Ree7 Rh5 40.Rg7  1-0

[Event "EYCC G14"]
[Site "Halkidiki GRE"]
[Date "2001.09.04"]
[Round "5"]
[White "Zawadzka,J"]
[Black "Lahno,Kateri"]
[Result "1/2-1/2"]
[WhiteElo "2064"]
[BlackElo "2239"]

1.e4 d6 2.d4 Nf6 3.Nc3 g6 4.f4 Bg7 5.Nf3 O-O 6.Be3 b6 7.Qe2 Bb7 8.e5 Ng4
9.O-O-O Nxe3 10.Qxe3 e6 11.h4 dxe5 12.dxe5 Qe7 13.h5 Na6 14.Ne4 Nb4 15.hxg6 hxg6
16.a3 Nd5 17.Qd2 Rfd8 18.Bd3 a5 19.Nfg5 b5 20.Qf2 b4 21.Qh4 bxa3 22.Qh7+ Kf8
23.Qh8+ Bxh8 24.Rxh8+ Kg7 25.Rh7+ Kf8 26.Rh8+ Kg7 27.Rh7+  1/2-1/2

[Event "EYCC G14"]
[Site "Halkidiki GRE"]
[Date "2001.09.06"]
[Round "6"]
[White "Lahno,Kateri"]
[Black "Czarnota,D"]
[Result "1/2-1/2"]
[WhiteElo "2239"]
[BlackElo "2069"]

1.e4 c6 2.d4 d5 3.exd5 cxd5 4.Bd3 Nc6 5.c3 Nf6 6.Bf4 g6 7.h3 Bf5 8.Bxf5 gxf5
9.Qd3 e6 10.Nf3 Bg7 11.Nbd2 a6 12.Ne5 Nh5 13.Nxc6 bxc6 14.Bh2 Nf6 15.O-O O-O
16.b4 Kh8 17.Nb3 Rg8 18.Na5 Rc8 19.Qe3 Nd7 20.Bf4 Bf6 21.Qf3 Rg6 22.Kh1 Bg5
23.Bd6 Qg8 24.Qd3 Qg7 25.Qf3 Bh4 26.Rg1 h6 27.Raf1 Kh7 28.Qh5 Bg5 29.Qf3 Qg8
30.Be5 Bf6 31.Bf4 Bh8 32.Nb7 Nf6 33.Nc5 Ne4 34.Nxe4 fxe4 35.Qe2 f5 36.f3 Bf6
37.fxe4 fxe4 38.Qxa6 Ra8 39.Qe2 Ra3 40.Qb2 Qa8 41.Rf2 Ra7 42.Qd2 Rag7 43.Qe3 Qg8
44.a4 Bh4 45.Ra2 Bg3 46.a5 Qf7 47.Bxg3 Rxg3 48.Qe1 Qg6 49.a6 Ra7 50.Kh2 Rd3
51.Ra3 Qg5 52.Qf2 Rd2 53.Qg3 Qf5 54.Qb8 Rg7 55.c4 Qf2 56.Rg3 Rxg3 57.Qxg3 Qxg3+
58.Kxg3 Ra2 59.b5 dxc4 60.bxc6 Rxa6 61.Kf4 Rxc6 62.Rc1  1/2-1/2

[Event "ISYG-W14"]
[Site "Moscow RUS"]
[Date "2002.06.20"]
[Round "3"]
[White "Khotenashvili,B"]
[Black "Lahno,Kateri"]
[Result "0-1"]
[WhiteElo "2127"]
[BlackElo "2277"]

1.d4 Nf6 2.Nf3 e6 3.c4 b6 4.g3 Bb7 5.Bg2 Be7 6.O-O O-O 7.Nc3 Ne4 8.Qc2 Nxc3
9.bxc3 f5 10.Ne1 Bxg2 11.Nxg2 Nc6 12.e4 Na5 13.exf5 Rxf5 14.Qe2 Rf8 15.Bd2 Bf6
16.Rae1 Qc8 17.Nf4 Qa6 18.c5 Qxe2 19.Rxe2 bxc5 20.dxc5 Rab8 21.Nd3 Rb7 22.Re4 Rfb8
23.Nb4 Kf7 24.Rfe1 Re8 25.Kg2 Nc6 26.Nxc6 dxc6 27.Rb4 Rb5 28.Reb1 a6 29.c4 Rxc5
30.Ra4 Rd8 31.Be3 Bd4 32.Rd1 e5 33.Kf3 a5 34.Ke4 Rb8 35.Bxd4 exd4 36.Rxd4 Ke6
37.f4 Rb2 38.Rd8 Rb4 39.Rxb4 axb4 40.Kd3 Ra5 41.Rg8 Rxa2 42.Rxg7 Rxh2 43.Rxc7 Kd6
44.Rb7 Kc5 45.f5 Rf2 46.g4 h5 47.gxh5 Rxf5 48.h6 Rh5 49.h7 Rh3+ 50.Ke4 Rh5
51.Kd3 Rh4 52.Rc7 Kb6 53.Rg7 Kc5 54.Rc7 Rh3+ 55.Kc2 b3+ 56.Kb2 Kb4 57.Rg7 Rh2+
58.Kb1 Kxc4 59.Rg4+ Kc3 60.Rg3+ Kb4 61.Rg4+ Ka3 62.Rg1 Rxh7 63.Rc1 c5 64.Rxc5 Rh1+
65.Rc1 Rxc1+ 66.Kxc1 Ka2  0-1

[Event "ISYG-W14"]
[Site "Moscow RUS"]
[Date "2002.06.22"]
[Round "5"]
[White "Tairova,A"]
[Black "Lahno,Kateri"]
[Result "0-1"]
[WhiteElo "2189"]
[BlackElo "2277"]

1.e4 d6 2.d4 Nf6 3.Nc3 g6 4.Nf3 Bg7 5.Bc4 O-O 6.O-O Nc6 7.Re1 Bg4 8.Bg5 Bxf3
9.gxf3 h6 10.Be3 Qd7 11.Kh1 Kh7 12.Rg1 Rad8 13.Bd3 e5 14.d5 Ne7 15.Qd2 a6
16.a4 c6 17.dxc6 Qxc6 18.a5 d5 19.Bb6 Rd7 20.Qe2 d4 21.Na4 Nh5 22.b4 Nf4
23.Qd2 Nc8 24.Bc5 Rfd8 25.Rgb1 Qe6 26.Bf1 f5 27.Ra3 fxe4 28.fxe4 h5 29.Nb2 Bh6
30.Qd1 Nd6 31.Qe1 Nb5 32.Bc4 Qc6 33.Bxb5 axb5 34.Nd3 Nxd3 35.Rxd3 Bf8 36.Bxf8 Rxf8
37.c3 Rdf7 38.Rb2 Rf4 39.Re2 Qc4 40.Qd2 Rxf2 41.cxd4 exd4 42.Rxf2 Rxf2 43.Qxf2 Qxd3
44.Qf7+ Kh6 45.Qf4+ Kg7 46.Qe5+ Kf7 47.Qd5+ Kf6 48.e5+ Kf5  0-1

[Event "WY ol"]
[Site "Kuala Lumpur MAS"]
[Date "2002.08.20"]
[Round "1"]
[White "Esenov,A"]
[Black "Lahno,Kateri"]
[Result "1/2-1/2"]
[WhiteElo "2114"]
[BlackElo "2328"]

1.d4 Nf6 2.c4 e6 3.Nf3 b6 4.e3 Bb7 5.Be2 d5 6.O-O Bd6 7.Nc3 O-O 8.a3 Nbd7
9.Bd2 a6 10.b4 dxc4 11.Bxc4 Qe7 12.Re1 Ne4 13.d5 Nxd2 14.Qxd2 Ne5 15.Nxe5 Bxe5
16.dxe6 fxe6 17.f4 Bf6 18.Rac1 Kh8 19.Ne2 Rfd8 20.Qa2 Rd6 21.Nd4 Bxd4 22.exd4 Qf6
23.Bxe6 Qxf4 24.d5 Bxd5 25.Bxd5 Qd4+ 26.Kh1 Rxd5 27.Rxc7 Rf8 28.Rf7 Rdd8
29.h3 h6 30.Rxf8+ Rxf8 31.Qe2 Qc3 32.Qe7 Rc8 33.Rd1 Qxa3 34.Rd8+ Rxd8 35.Qxd8+ Kh7
36.Qxb6 Qd3 37.Kh2 Kg8 38.h4 Kf7 39.h5 Qe4 40.Qxa6 Qh4+ 41.Kg1 Qxb4 42.Qg6+ Kg8
43.Qe8+ Kh7 44.Qg6+ Kg8 45.Qe8+ Kh7 46.Qg6+ Kg8 47.Qe8+  1/2-1/2

[Event "WY ol"]
[Site "Kuala Lumpur MAS"]
[Date "2002.08.21"]
[Round "2"]
[White "Kuchkarov,A"]
[Black "Lahno,Kateri"]
[Result "1-0"]
[WhiteElo "2007"]
[BlackElo "2328"]

1.d4 Nf6 2.c4 e6 3.g3 d5 4.Bg2 dxc4 5.Nf3 Nc6 6.Qa4 Nd7 7.Qxc4 Nb6 8.Qd3 Nb4
9.Qd2 c5 10.O-O cxd4 11.Nxd4 Bc5 12.Nb5 a6 13.Qxd8+ Kxd8 14.Rd1+ Ke7 15.N5a3 Nc6
16.Nc3 Rd8 17.Rxd8 Kxd8 18.Ne4 Be7 19.Be3 Nd5 20.Bc5 Bxc5 21.Nxc5 Kc7 22.Nc2 b6
23.Nb3 Bb7 24.Ncd4 Nxd4 25.Nxd4 b5 26.Nf3 h6 27.Rc1+ Kd6 28.e4 Nb6 29.e5+ Kd7
30.Nd2 Bd5 31.Bxd5 Nxd5 32.Ne4 f6 33.Nc5+ Ke7 34.exf6+ gxf6 35.Re1 Nc7 36.f4 f5
37.Rd1 Nd5 38.Kf2 Rc8 39.Nd3 Rc2+ 40.Kg1 a5 41.Re1 Kd6 42.Ne5 Rxb2 43.a4 Rb4
44.axb5 Rxb5 45.Nf7+ Kd7 46.Nxh6 a4 47.Nf7 Nc3 48.Ne5+ Ke7 49.Nc6+ Kf6 50.Nd4 Rb4
51.Rxe6+ Kf7 52.Rc6 Rb1+ 53.Kg2 Rb2+ 54.Kh3 Ne4 55.Ra6 Nf2+ 56.Kh4 Ne4 57.h3 Nc3
58.Nxf5 Ra2 59.Nd6+ Ke7 60.Nc4 Nb1 61.Kg5 a3 62.g4 Ra1 63.f5 a2 64.Ra7+ Kd8
65.f6 Nc3 66.f7 Rf1 67.Kg6  1-0

[Event "WY ol"]
[Site "Kuala Lumpur MAS"]
[Date "2002.08.21"]
[Round "3"]
[White "Lahno,Kateri"]
[Black "Howell,D"]
[Result "1-0"]
[WhiteElo "2328"]
[BlackElo "2211"]

1.e4 e5 2.Nf3 Nc6 3.Bb5 a6 4.Ba4 Nf6 5.O-O Be7 6.Re1 b5 7.Bb3 O-O 8.h3 d6
9.c3 Na5 10.Bc2 c5 11.d4 cxd4 12.cxd4 Nc6 13.Be3 Bb7 14.Nbd2 exd4 15.Nxd4 Re8
16.a4 Nd7 17.Nf5 Bf8 18.axb5 axb5 19.Bd3 Rxa1 20.Qxa1 Nc5 21.Bxb5 Nxe4 22.Nb3 Re5
23.Qa4 Ne7 24.Nfd4 Nf5 25.Nxf5 Rxf5 26.Nd4 Rh5 27.Bc6 Nc5 28.Qd1 g6 29.Bxb7 Nxb7
30.b4 Bg7 31.Qa4 d5 32.Qc6 Nd6 33.b5 Nc4 34.Ra1 Bf8 35.Ra8 Qe7 36.b6 Nxe3
37.b7 Qg5 38.g3 Rxh3 39.Rxf8+ Kg7 40.Rxf7+ Kh6 41.Rxh7+ Kxh7 42.Qd7+  1-0

[Event "10th Chigorin Mem"]
[Site "St Petersburg RUS"]
[Date "2002.10.25"]
[Round "1"]
[White "Lahno,Kateri"]
[Black "Ulko,J"]
[Result "0-1"]
[WhiteElo "2355"]
[BlackElo "2472"]

1.e4 e5 2.Nf3 Nc6 3.Bb5 Bc5 4.O-O Nd4 5.Nxd4 Bxd4 6.c3 Bb6 7.d4 c6 8.Ba4 d6
9.Na3 Nf6 10.Bg5 O-O 11.Qd3 h6 12.Bh4 Qe7 13.f3 g5 14.Bf2 Bc7 15.Bc2 Nh5
16.Nc4 Nf4 17.Qd2 Qf6 18.Ne3 h5 19.Rad1 Be6 20.d5 cxd5 21.exd5 Bd7 22.c4 Bb6
23.Bb1 Kg7 24.b4 Rac8 25.Rc1 Bd4 26.Rfe1 b6 27.Be4 Rc7 28.a4 Rfc8 29.Qc2 a6
30.Red1 b5 31.axb5 axb5 32.Nf5+ Bxf5 33.Bxf5 Bxf2+ 34.Kxf2 Rxc4 35.Bxc8 Rxc2+
36.Rxc2 e4 37.fxe4 Nxd5+ 38.Kg1 Ne3 39.e5 dxe5 40.Rf2 Nxd1 41.Rxf6 Kxf6 42.Bd7 Nc3
43.Kf2 h4 44.Ke3 Ke7 45.Bc6 Kd6 46.Be8 f5 47.Kd3 Nd5 48.Bxb5 Nxb4+ 49.Ke3 Nd5+
50.Kd3 Nf4+  0-1

[Event "10th Chigorin Mem"]
[Site "St Petersburg RUS"]
[Date "2002.10.28"]
[Round "4"]
[White "Bryzgalin,K"]
[Black "Lahno,Kateri"]
[Result "0-1"]
[WhiteElo "2439"]
[BlackElo "2355"]

1.e4 d6 2.d4 Nf6 3.Nc3 g6 4.f3 Bg7 5.Be3 c6 6.Qd2 b5 7.g4 h5 8.g5 Nfd7 9.h4 Nb6
10.Nh3 Qc7 11.Bd3 O-O 12.Qh2 N8d7 13.O-O e5 14.Ne2 exd4 15.Nxd4 Ne5 16.Rad1 c5
17.Nxb5 Qd7 18.Be2 Qxh3 19.Nxd6 Qxh2+ 20.Kxh2 c4 21.b3 Be6 22.Kg2 cxb3 23.axb3 Rab8
24.Bb5 Rfd8 25.Rd2 Bf8 26.Bc5 Nc8 27.Be2 Nxd6  0-1

[Event "ch-Donetsk Region"]
[Site "Donetsk UKR"]
[Date "2003.01.08"]
[Round "1"]
[White "Lahno,Kateri"]
[Black "Shilin,D"]
[Result "1/2-1/2"]
[WhiteElo "2376"]
[BlackElo "2400"]

1.e4 c6 2.d4 g6 3.Nc3 Bg7 4.f4 d5 5.e5 h5 6.Nf3 Nh6 7.Be3 Bg4 8.h3 Bxf3 9.Qxf3 h4
10.Bd3 e6 11.O-O Bf8 12.Ne2 Nf5 13.Bf2 Be7 14.b3 a5 15.c4 Na6 16.a3 O-O 17.Rfd1 Kg7
18.Nc3 Nc7 19.c5 f6 20.exf6+ Bxf6 21.Qg4 Qe8 22.Bc2 Qf7 23.Rab1 Be7 24.Qe2 Bf6
25.Qd3 Kg8 26.a4 Na6 27.Na2 Qc7 28.Qd2 Bg7 29.Rf1 Rae8 30.b4 axb4 31.Nxb4 Nxb4
32.Rxb4 Bh6 33.Bxf5 Rxf5 34.Bxh4 Rxf4 35.Rxf4 Bxf4 36.Qd3 Qh7 37.Bg3 Rf8
38.Bxf4 Rxf4 39.Qe3 Qf7 40.Qe5 Rf1+ 41.Kh2 Qf4+ 42.Qxf4 Rxf4 43.a5 Rf7 44.Kg3 Kg7
45.h4 Kh6 46.Kg4 Rf2 47.Rxb7 Rxg2+ 48.Kf3 Ra2 49.Re7 Rxa5 50.Rxe6 Ra4 51.Ke3 Ra3+
52.Kf4 Rd3 53.Ke5 Re3+ 54.Kd6 Re4 55.Rxe4 dxe4 56.d5 e3 57.dxc6 e2 58.c7 e1=Q
59.c8=Q Qg3+ 60.Kc6 Qf3+ 61.Kb6 Qb3+ 62.Ka7 Qa3+ 63.Kb6 Qb3+ 64.Kc6 Qf3+
65.Kd6 Qg3+ 66.Kd5 Qd3+ 67.Kc6 Qf3+ 68.Kb6 Qb3+ 69.Kc6  1/2-1/2

[Event "ch-Donetsk Region"]
[Site "Donetsk UKR"]
[Date "2003.01.11"]
[Round "4"]
[White "Andreev,Ed"]
[Black "Lahno,Kateri"]
[Result "0-1"]
[WhiteElo "2471"]
[BlackElo "2376"]

1.e4 c6 2.d4 d5 3.e5 Bf5 4.Nc3 e6 5.g4 Bg6 6.Nge2 Ne7 7.h4 h6 8.f4 Nd7 9.Be3 Qc7
10.Qd2 O-O-O 11.O-O-O a6 12.f5 exf5 13.g5 hxg5 14.Bxg5 Bh5 15.Bg2 Re8 16.Rde1 Nb6
17.b3 Bg4 18.Nf4 Ng6 19.Nxg6 fxg6 20.Ne2 Ba3+ 21.Kb1 Nc4 22.Qd3 Qb6 23.Ka1 Bxe2
24.Rxe2 Bb2+ 25.Kb1 Bxd4 26.e6 Bf6 27.Bxf6 gxf6 28.Qg3 Ne5 29.h5 gxh5 30.Qf4 Qc7
31.Qxf5 Qe7 32.Bh3 Reg8 33.a4 Rg5 34.Qf4 Rhg8 35.Bf5 Kb8 36.Rf2 Ka8 37.Bh3 R8g6
38.Kb2 Ng4 39.Bxg4 Rxg4 40.Qe3 Re4 41.Qb6 Rg5 42.Rfh2 Qxe6  0-1

[Event "ch-Donetsk Region"]
[Site "Donetsk UKR"]
[Date "2003.01.12"]
[Round "5"]
[White "Lahno,Kateri"]
[Black "Berezin,O"]
[Result "1-0"]
[WhiteElo "2376"]
[BlackElo "2446"]

1.e4 c6 2.d4 d5 3.e5 Bf5 4.Nc3 e6 5.g4 Bg6 6.Nge2 c5 7.Be3 Nc6 8.dxc5 f6
9.Nd4 Qd7 10.Nxc6 bxc6 11.f4 fxe5 12.fxe5 h5 13.gxh5 Rxh5 14.Qd2 Rxe5 15.O-O-O Nf6
16.Bd4 Rh5 17.Be2 Rh6 18.h4 Bf5 19.Qe3 Kf7 20.Rdf1 Re8 21.Qf4 Qb7 22.Rhg1 Qb4
23.a3 Qa5 24.Kd1 Qd8 25.Kc1 Qb8 26.Be5 Qd8 27.Qd4 Nd7 28.Bxg7 Rxh4 29.Bh5+ Rxh5
30.Bxf8 Kxf8 31.Qg7+  1-0

[Event "ch-Donetsk Region"]
[Site "Donetsk UKR"]
[Date "2003.01.14"]
[Round "7"]
[White "Savchenko,Yuri UKR"]
[Black "Lahno,Kateri"]
[Result "1-0"]
[WhiteElo "2416"]
[BlackElo "2376"]

1.e4 d6 2.d4 Nf6 3.Nc3 g6 4.Nf3 Bg7 5.Be2 O-O 6.O-O Bg4 7.Be3 Nc6 8.h3 Bxf3
9.Bxf3 e5 10.dxe5 dxe5 11.Nb5 Qe7 12.c3 a6 13.Na3 h5 14.Nc2 Rfd8 15.Qe2 Qf8
16.g4 hxg4 17.hxg4 Nh7 18.Kg2 Qe7 19.b4 Ng5 20.Rh1 Ne6 21.Qc4 Qf6 22.a4 Ne7
23.b5 a5 24.Rad1 g5 25.Rxd8+ Rxd8 26.Rd1 Ng6 27.Rxd8+ Qxd8 28.Be2 Bf8 29.Kf1 Ngf4
30.Ne1 Qf6 31.Nc2 b6 32.Qc6 Qh6 33.Ke1 Qh1+ 34.Kd2 Nxe2 35.Kxe2 Qg2 36.Qd5 Qxg4+
37.Kd2 Bg7 38.c4 Qf3 39.c5 bxc5 40.Ne1 Qh1 41.Nd3 Qa1 42.Qc4 Qa3 43.Bxc5 Nxc5
44.Nxc5 Qb2+ 45.Qc2 Qd4+ 46.Ke2 Bf8 47.Na6 Bd6 48.Kf3 Kg7 49.Nb8 Qa1 50.Kg2 Qe1
51.Nc6 Kg6 52.Qd3 g4 53.b6 Bc5 54.Nxe5+ Kh7 55.Nxg4 Bxb6 56.Qf3 Kg7 57.Ne5 f6
58.Qg4+ Kf8 59.Qc8+ Kg7 60.Qd7+ Kh6 61.Ng4+ Kg6 62.Qf5+ Kf7 63.Qd7+ Kg6 64.Qf5+ Kf7
65.Ne5+  1-0

[Event "ch-Donetsk Region"]
[Site "Donetsk UKR"]
[Date "2003.01.16"]
[Round "9"]
[White "Demkovich,A"]
[Black "Lahno,Kateri"]
[Result "0-1"]
[WhiteElo "2445"]
[BlackElo "2376"]

1.e4 c6 2.d4 d5 3.exd5 cxd5 4.c4 Nf6 5.Nc3 e6 6.Nf3 Be7 7.Bd3 dxc4 8.Bxc4 O-O
9.O-O Nc6 10.a3 Nd5 11.Qd3 Nxc3 12.bxc3 Bf6 13.Qe4 g6 14.h4 Ne7 15.Ne5 Bg7
16.a4 f6 17.Nd3 Nd5 18.Nf4 Nxf4 19.Bxf4 f5 20.Bxe6+ Kh8 21.Qe3 Re8 22.d5 Qxh4
23.Be5 Bxe6 24.dxe6 Qe4 25.Bxg7+ Kxg7 26.Qxe4 fxe4 27.Rad1 Rxe6 28.Rd7+ Kf6
29.Rxb7 Ra6 30.Rxh7 Rxa4 31.Rc7 Rd8 32.Rc6+ Kf5 33.Rb1 Rd5 34.c4 Rda5 35.Rb8 g5
36.Kh2 Ra6 37.Rxa6 Rxa6 38.Rb3 Rc6 39.Rb4 Rc5 40.Rb7 Rxc4 41.Rf7+ Kg4 42.Rxa7 Rc2
43.Rf7 Re2 44.Kg1 Re1+ 45.Kh2 Re2 46.Rf6 Rd2 47.Kg1 Rd1+ 48.Kh2 Rd2 49.Re6 Rxf2
50.Rxe4+ Rf4 51.Re5 Ra4 52.Kg1 Ra1+ 53.Kf2 Ra2+ 54.Re2 Ra4 55.Rd2 Rb4 56.Rd3 Rb2+
57.Kf1 Rc2 58.Rd4+ Kg3 59.Rd3+ Kf4 60.Kg1 Rc7 61.Kh2 Rh7+ 62.Kg1 Rc7 63.Ra3 Rd7
64.Kf1 Rd2 65.Kg1 Rd7 66.Rh3 Ra7 67.Kh2 Rb7 68.Kh1 Rb1+ 69.Kh2 Rb7 70.Rd3 Rh7+
71.Kg1 Rb7 72.Rd2 Kg3 73.Rd1 Rb3 74.Kf1 g4 75.Kg1 Ra3 76.Kf1 Ra2 77.Rd3+ Kh2
78.g3 Rg2 79.Rd8 Rxg3 80.Rd2+ Kh1 81.Rd4 Kh2 82.Rd2+ Kh3 83.Rd1 Kh2 84.Rd2+ Kh1
85.Rd8 Rf3+ 86.Ke2 Kg2 87.Rd1 g3 88.Rd7 Ra3 89.Rg7 Kg1 90.Re7 g2 91.Rh7 Ra5
92.Ke3 Re5+ 93.Kf4 Re8 94.Kg3  0-1

[Event "4th IECC"]
[Site "Istanbul TUR"]
[Date "2003.06.07"]
[Round "8"]
[White "Lahno,Kateri"]
[Black "Palac,M"]
[Result "1-0"]
[WhiteElo "2417"]
[BlackElo "2587"]

1.e4 c5 2.Nf3 d6 3.d4 cxd4 4.Nxd4 Nf6 5.Nc3 a6 6.Be3 e5 7.Nb3 Be6 8.f3 Be7
9.Qd2 O-O 10.O-O-O Nbd7 11.g4 Qc7 12.g5 Nh5 13.Kb1 b5 14.Nd5 Bxd5 15.exd5 Nb6
16.Na5 Nxd5 17.Qxd5 Qxa5 18.c4 Rab8 19.Rg1 g6 20.Rg4 Ng7 21.cxb5 axb5 22.Bd2 Qb6
23.Rb4 Ne6 24.Rxb5 Qf2 25.Rxb8 Rxb8 26.Bc4 Bxg5 27.Bc3 Qxh2 28.Qc6 Qf4 29.Bxe6 fxe6
30.a4 Qf5+ 31.Qe4 Be7 32.a5 Rb5 33.Qxf5 gxf5 34.Kc2 d5 35.a6 Bc5 36.Ra1 Ba7
37.Bxe5 d4 38.f4 Kf7 39.Rh1 d3+ 40.Kxd3 Kg6 41.Ra1 h5 42.Kc4 Rd5 43.b4 h4
44.Rh1 Kh5 45.Bf6 Kg6 46.Bxh4 Rd4+ 47.Kb5 Rxf4 48.Be7 Re4 49.Bc5 Bb8 50.Rh8  1-0

[Event "It"]
[Site "Kramatorsk UKR"]
[Date "2003.07.31"]
[Round "4"]
[White "Lahno,Kateri"]
[Black "Maiorov,O"]
[Result "1-0"]
[WhiteElo "2439"]
[BlackElo "2455"]

1.e4 d5 2.exd5 Qxd5 3.Nc3 Qa5 4.d4 Nf6 5.Nf3 Nc6 6.h3 a6 7.Bc4 b5 8.Bb3 e6
9.d5 exd5 10.Bxd5 Bb7 11.Qe2+ Be7 12.O-O b4 13.Qc4 Ne5 14.Nxe5 Bxd5 15.Nxd5 Qxd5
16.Qxc7 Bd6 17.Qc6+ Qxc6 18.Nxc6 O-O 19.Rd1 Bc5 20.Be3 Bxe3 21.fxe3 Rfe8
22.Nxb4 Rxe3 23.Re1 Rg3 24.Re5 h6 25.Kh2 Rg6 26.Rd1 a5 27.Nd3 Nd7 28.Re7 Rd6
29.Rf1 f6 30.Rfe1 Kf8 31.R7e6 Rd5 32.Rc6 a4 33.a3 Rb8 34.Nb4 Rd2 35.Ra6 Ne5
36.Re4 h5 37.Rxa4 Re8 38.Nd3 Nxd3 39.Rxe8+ Kxe8 40.cxd3 Rxb2 41.Ra7 Kf8 42.a4 h4
43.a5 Kg8 44.a6 Rb6 45.Ra8+ Kh7 46.a7 Ra6 47.d4 Kg6 48.d5 f5 49.d6  1-0

[Event "It"]
[Site "Kramatorsk UKR"]
[Date "2003.08.02"]
[Round "7"]
[White "Andreev,Ed"]
[Black "Lahno,Kateri"]
[Result "1/2-1/2"]
[WhiteElo "2490"]
[BlackElo "2439"]

1.e4 d6 2.d4 Nf6 3.Nc3 g6 4.f4 Bg7 5.Nf3 O-O 6.Bd3 Na6 7.O-O c5 8.d5 Bg4
9.Bc4 Nc7 10.h3 Bxf3 11.Qxf3 a6 12.a4  1/2-1/2

[Event "It"]
[Site "Kramatorsk UKR"]
[Date "2003.08.03"]
[Round "8"]
[White "Lahno,Kateri"]
[Black "Arzumanian,G"]
[Result "1-0"]
[WhiteElo "2439"]
[BlackElo "2418"]

1.e4 c5 2.Nf3 Nc6 3.d4 cxd4 4.Nxd4 e5 5.Nb5 d6 6.N1c3 a6 7.Na3 b5 8.Nd5 Nge7
9.c4 Nd4 10.Be3 Nxd5 11.cxd5 Be7 12.Bd3 O-O 13.O-O Bd7 14.f4 Bf6 15.Bxd4 exd4
16.Nc2 g6 17.Qf3 Rc8 18.Rae1 Qc7 19.Qf2 Bg7 20.Nxd4 Qb8 21.f5 Be5 22.Nf3 f6
23.fxg6 hxg6 24.Nxe5 dxe5 25.Rc1 Kg7 26.b4 Qd6 27.Qa7 Rf7 28.Rxc8 Bxc8 29.Qc5 Qd8
30.Bc2 Rc7 31.Qb6 Rd7 32.Qxd8 Rxd8 33.Bb3 Bd7 34.Rc1 Rc8 35.Rc5 Kf7 36.d6+ Ke8
37.Bd5 Kd8 38.h4 Rb8 39.Bf7 Rb6 40.Bxg6 Rxd6 41.h5 Ke7 42.h6 Kf8 43.Rc7  1-0

[Event "It"]
[Site "Kramatorsk UKR"]
[Date "2003.08.03"]
[Round "9"]
[White "Kulicov,O"]
[Black "Lahno,Kateri"]
[Result "0-1"]
[WhiteElo "2460"]
[BlackElo "2439"]

1.e4 d6 2.d4 Nf6 3.Nc3 g6 4.f4 Bg7 5.Nf3 O-O 6.e5 dxe5 7.dxe5 Qxd1+ 8.Kxd1 Nh5
9.Bc4 Bg4 10.Ke1 Bxf3 11.gxf3 Nc6 12.Be3 e6 13.Ne4 Bh6 14.Ng5 Bxg5 15.fxg5 Nxe5
16.Be2 Ng7 17.Rd1 Nc6 18.Kf2 Nf5 19.f4 Nxe3 20.Kxe3 Nb4 21.c4 Nxa2 22.Rd7 c5
23.Bf3 Nb4 24.Bxb7 Rad8 25.Rxd8 Rxd8 26.Be4 f5 27.gxf6 Kf7 28.h4 Kxf6 29.h5 Rb8
30.Ra1 a6 31.Rh1 Na2 32.hxg6 hxg6 33.Rb1 Rb3+ 34.Kd2 Nb4 35.Ke2 g5 36.fxg5+ Kxg5
37.Kd2 Kf4 38.Bc2 Rf3 39.Bh7 e5 40.Re1 Nc6 41.Re4+ Kg5 42.Bg8 Rf4 43.Re1 Kf6
44.Bd5 Nd4 45.Rh1 a5 46.Rh6+ Kg5 47.Ra6 e4 48.Ke3 Nc2+ 49.Ke2 e3  0-1